| 000 | 00725nam a22002177a 4500 | ||
|---|---|---|---|
| 999 |
_c185540 _d185540 |
||
| 005 | 20220302124440.0 | ||
| 010 | _aENG-131388-89 | ||
| 020 |
_a9789354497537 _c599.00 |
||
| 020 |
_a9789354497612 _c625.00 |
||
| 035 | _aEN-114920-21 | ||
| 037 | _bDBAD | ||
| 082 | _a540 | ||
| 100 | _aSinghal, A.K. | ||
| 245 |
_aObjective Chemistry for Neet 2022/ _cA.K. Singhal, U.K. Singhal |
||
| 250 | _a5e Edition | ||
| 260 |
_aUttar Pradesh _bPearson India Education Services _c2022 |
||
| 270 |
_a15th Flooor, Tower-B, World Trade Tower, Plot No. 1, Block-C, Sector-16 _bNoida _e201301 _mcompanysecretary.india@pearson.com |
||
| 300 |
_avp. _c25cm(pbk) |
||
| 500 | _aVOLUME 1 TO 2 | ||
| 942 |
_2ddc _cEN _h540 _mSIN |
||